000 00503nam a2200217Ia 4500
003 OSt
005 20260218095435.0
008 210210b xxu||||| |||| 00| 0 eng d
040 _cAL
041 _aeng
082 _a538/12
100 _aCreasey C H
_9255516
245 _aMatter and motion
260 _aLondon
_bEnglish Universities,
300 _a122p
650 _amotion
_9255517
650 _aMatter
_9255518
690 _aMathematical Physics
_9255519
906 _a008960
942 _2ddc
_cBK
999 _c126880
_d126880